| 000 | 01123cam a2200325 i 4500 | ||
|---|---|---|---|
| 001 | 55748 | ||
| 003 | Mx-PuUPA | ||
| 005 | 20260120145815.0 | ||
| 008 | 140415s2001 sp a fr 001 0 spa d | ||
| 017 | _aNA.1.298-2001 | ||
| 017 | _aM-5942-2000 | ||
| 020 | _a8423990796 | ||
| 040 |
_aMX-PuUPA _bspa _erda _cMx-PuUPA _dMx-PuUPA |
||
| 041 | 0 | _aspa | |
| 110 | 2 |
_aUniversidad de Navarra. _bFacultad de Medicina _94175 |
|
| 245 | 1 | 0 |
_aDiccionario de medicina / _cFacultad de Medicina de la Universidad de Navarra |
| 264 | 1 |
_aEspaña : _bEspasa Calpe, _c2001 |
|
| 300 |
_a1274 páginas : _bilustraciones (principalmente a color) ; _c26 cm + _e1 disco de computadora (4 3/4 pulg.) |
||
| 336 |
_atexto _2rdacontent _btxt |
||
| 336 |
_aprograma para computadora _2rdacontent _bcop |
||
| 337 |
_asin mediación _2rdamedia _bn |
||
| 337 |
_acomputadora _2rdamedia _bc |
||
| 338 |
_avolumen _2rdacarrier _bnc |
||
| 338 |
_adisco de computadora _2rdacarrier _bcd |
||
| 650 | 7 |
_aMedicina _vDiccionarios _2armarc |
|
| 942 |
_2ddc _cLI _h610.03 _iD54 |
||
| 999 |
_c55748 _d55748 |
||